Simulators IV : proceedings of the SCS Simulators Conference, 1987 : 6-9 April 1987, Orlando, Florida /

Bibliographic Details
Corporate Authors: SCS Simulators Conference Orlando, Fla., Society for Computer Simulation
Other Authors: Fairchild, Bruce T.
Format: Conference Proceeding Book
Language:English
Published: San Diego, Calif. : Society for Computer Simulation, Simulation Councils, [1987]
Series:Simulation series ; v. 18, no. 4.
Subjects:

MARC

Tag First Indicator Second Indicator Subfields
LEADER 00000cam a2200000 a 4500
001 in00000029879
005 20151007054815.0
008 870609s1987 caua b 10110 eng d
020 |a 0911801154 
035 |a (OCoLC)15866372 
035 |9 AAB6273AM 
040 |a TXH  |c TXH  |d m/c  |d OCL  |d TXA  |d UtOrBLW 
049 |a TXAM  |c [A11525337] 
050 4 |a QA76.9.C65  |b S39 1987 
111 2 |a SCS Simulators Conference  |d (1987 :  |c Orlando, Fla.) 
245 1 0 |a Simulators IV :  |b proceedings of the SCS Simulators Conference, 1987 : 6-9 April 1987, Orlando, Florida /  |c edited by Bruce T. Fairchild. 
264 1 |a San Diego, Calif. :  |b Society for Computer Simulation, Simulation Councils,  |c [1987] 
264 4 |c ©1987 
300 |a ix, 335 pages :  |b illustrations ;  |c 29 cm. 
336 |a text  |b txt  |2 rdacontent 
337 |a unmediated  |b n  |2 rdamedia 
338 |a volume  |b nc  |2 rdacarrier 
490 1 |a Simulation series,  |x 0735-9276 ;  |v v. 18, no. 4 (October, 1987) 
504 |a Includes bibliographies and index. 
650 0 |a Computer simulation  |v Congresses. 
650 0 |a Simulation methods  |v Congresses. 
700 1 |a Fairchild, Bruce T. 
710 2 |a Society for Computer Simulation. 
830 0 |a Simulation series ;  |v v. 18, no. 4. 
999 |a MARS 
999 f f |s 52608953-9b12-3b6e-9a2b-ea812fb845f9  |i ffb9de37-08df-3265-8f01-523eec678015  |t 0 
952 f f |p ric  |a Texas A&M University  |b Rellis Campus  |c Joint Library Facility  |d Remote Storage  |t 0  |e QA76.9.C65 S39 1987  |h Library of Congress classification  |i unmediated -- volume  |m A14811525337 
998 f f |a QA76.9.C65 S39 1987  |t 0  |l Remote Storage